[Event "ROM-ch U10"]
[White "Braga, Iustin Ioan Daniel"]
[Black "Ionita, George Calin"]
[Site "Calimanesti Caciulata"]
[Round "7"]
[Result "1-0"]
[Date "2016.04.23"]
[WhiteElo "1005"]
[BlackElo "1031"]
[PlyCount "45"]
[EventDate "2016.04.18"]
[EventType "swiss"]
[EventRounds "9"]
[EventCountry "ROU"]
[SourceTitle "CBM 172 Extra"]
[Source "ChessBase"]
[SourceDate "2016.06.21"]
[SourceVersion "1"]
[SourceVersionDate "2016.06.21"]
[SourceQuality "1"]

1. e4 e5 2. d4 exd4 3. Qxd4 Nc6 4. Qd1 Bc5 5. Nc3 Nf6 6. Nf3 Qe7 7. Bg5 Bb4 8. Bc4 Qxe4+ 9. Qe2 Qxe2+ 10. Bxe2 0-0 11. 0-0 Re8 12. Bd3 d6 13. Rfe1 Ne5 14. Bxf6 gxf6 15. Nd2 Kh8 16. f4 Nf3+ 17. gxf3 Bc5+ 18. Kh1 Rg8 19. Re7 Bd4 20. Nce4 Bb6 21. Nxf6 Rg7 22. Re8+ Rg8 23. Rxg8# 1-0

[Event "ROM-ch U10"]
[White "Oltean, Cristian Daniel"]
[Black "Braga, Iustin Ioan Daniel"]
[Site "Calimanesti Caciulata"]
[Round "6"]
[Result "1-0"]
[Date "2016.04.22"]
[WhiteElo "1110"]
[BlackElo "1005"]
[PlyCount "49"]
[EventDate "2016.04.18"]
[EventType "swiss"]
[EventRounds "9"]
[EventCountry "ROU"]
[SourceTitle "CBM 172 Extra"]
[Source "ChessBase"]
[SourceDate "2016.06.21"]
[SourceVersion "1"]
[SourceVersionDate "2016.06.21"]
[SourceQuality "1"]

1. e4 e5 2. Nf3 Nc6 3. Bc4 Bc5 4. c3 Nf6 5. d4 exd4 6. cxd4 d5 7. exd5 Nxd5 8. dxc5 Be6 9. 0-0 0-0 10. Bxd5 Bxd5 11. Nc3 Bxf3 12. Qxf3 Re8 13. Rd1 Qe7 14. Be3 Ne5 15. Qxb7 Nc4 16. Nd5 Qe6 17. Nxc7 Qe7 18. c6 Rab8 19. Qxa7 Rec8 20. Nd5 Qxa7 21. Bxa7 Ra8 22. Ne7+ Kh8 23. Nxc8 Rxc8 24. c7 Rxc7 25. Rd8# 1-0

[Event "ROM-ch U10"]
[White "Braga, Iustin Ioan Daniel"]
[Black "Vatamanu, Matei"]
[Site "Calimanesti Caciulata"]
[Round "5"]
[Result "1-0"]
[Date "2016.04.21"]
[WhiteElo "1005"]
[BlackElo "1132"]
[PlyCount "129"]
[EventDate "2016.04.18"]
[EventType "swiss"]
[EventRounds "9"]
[EventCountry "ROU"]
[SourceTitle "CBM 172 Extra"]
[Source "ChessBase"]
[SourceDate "2016.06.21"]
[SourceVersion "1"]
[SourceVersionDate "2016.06.21"]
[SourceQuality "1"]

1. d4 d5 2. c4 e6 3. cxd5 exd5 4. Nc3 Nc6 5. Nf3 Nf6 6. Bg5 Bb4 7. a3 Ba5 8. b4 Bb6 9. e3 Bf5 10. Bd3 Bg4 11. Bb5 0-0 12. 0-0 Bh5 13. Be2 Qd6 14. Nb5 Qe6 15. Bxf6 Qxf6 16. Nc3 Qg6 17. Nxd5 Bg4 18. b5 Bh3 19. Nh4 Qg5 20. Nf4 Be6 21. Nf3 Qf5 22. bxc6 bxc6 23. Qd3 Qxd3 24. Bxd3 Rad8 25. Nxe6 fxe6 26. Ne5 Rf6 27. Nxc6 Rdf8 28. a4 e5 29. a5 Rxc6 30. axb6 cxb6 31. dxe5 Rf7 32. Be4 Rc5 33. Bd3 Rfc7 34. e6 Kf8 35. Bxh7 Rc2 36. Bxc2 Rxc2 37. Rac1 Rb2 38. Rb1 Ra2 39. Rbd1 Rc2 40. Ra1 a5 41. Rab1 Rc6 42. Rb2 Rxe6 43. Rfb1 Rc6 44. g3 Ke7 45. Rxb6 Rc4 46. Ra6 a4 47. Rb7+ Kd8 48. Rxg7 Rc8 49. Rg8+ Kd7 50. Rxc8 Kxc8 51. Rxa4 Kd7 52. Ra6 Ke7 53. Kg2 Kd7 54. Kf3 Kc7 55. Ke4 Kb7 56. Rh6 Ka7 57. Kd5 Kb7 58. Kc5 Kc7 59. Rh7+ Kd8 60. Kd6 Ke8 61. Ra7 Kf8 62. Ke6 Kg8 63. Kf6 Kh8 64. Kg6 Kg8 65. Ra8# 1-0

[Event "ROM-ch U08"]
[White "Braga, Iustin Ioan Daniel"]
[Black "Demeter, Adorian Octavian"]
[Site "Calimanesti"]
[Round "7"]
[Result "1-0"]
[Date "2015.04.04"]
[WhiteElo "1001"]
[BlackElo "1094"]
[PlyCount "91"]
[EventDate "2015.03.30"]
[EventType "swiss"]
[EventRounds "9"]
[EventCountry "ROU"]
[SourceTitle "CBM 165 Extra"]
[Source "ChessBase"]
[SourceDate "2015.04.21"]
[SourceVersion "1"]
[SourceVersionDate "2015.04.21"]
[SourceQuality "1"]

1. e4 e5 2. Nf3 Nc6 3. Nc3 Nf6 4. Bc4 Bb4 5. d3 0-0 6. 0-0 Bxc3 7. bxc3 d6 8. d4 Nxe4 9. Qd3 d5 10. dxe5 dxc4 11. Qxe4 Re8 12. Re1 f6 13. Qxc4+ Be6 14. Qb5 Rb8 15. exf6 Qxf6 16. Bd2 a6 17. Qg5 Qf7 18. Qf4 Bxa2 19. Qxf7+ Bxf7 20. Rxe8+ Rxe8 21. Bf4 Re2 22. Rc1 Re7 23. Nh4 h6 24. Bg3 g5 25. Nf5 Rd7 26. Nxh6+ Kg7 27. Nxf7 Kxf7 28. Rb1 a5 29. h3 Rd2 30. Rxb7 Rxc2 31. Rxc7+ Ke6 32. Rxc6+ Kd7 33. Rc5 a4 34. Rxg5 a3 35. Rd5+ Kc6 36. Rd1 a2 37. Be5 Rd2 38. Ra1 Kc5 39. c4 Re2 40. Bg7 Kxc4 41. Kf1 Rc2 42. h4 Kb3 43. h5 Rb2 44. Bxb2 Kxb2 45. Rxa2+ Kxa2 46. h6 1-0